Thesis and dissertation writing made easy / Eric C. Mendoza, EDD, LPT, Rowena A. Bolotaolo, DEM, LPT, RGC. (Record no. 21329)

000 -LEADER
fixed length control field 00651nam a22001937a 4500
020 ## - INTERNATIONAL STANDARD BOOK NUMBER
ISBN 9789719655534
082 ## - DEWEY DECIMAL CLASSIFICATION NUMBER
Classification number 001.42
Item number M539 2023
100 ## - MAIN ENTRY--AUTHOR NAME
Personal name Mendoza, Eric C., author.
245 ## - TITLE STATEMENT
Title Thesis and dissertation writing made easy / Eric C. Mendoza, EDD, LPT, Rowena A. Bolotaolo, DEM, LPT, RGC.
260 ## - PUBLICATION, DISTRIBUTION, ETC. (IMPRINT)
Place of publication Manila :
Name of publisher Mindshapers Co., Inc.,
Year of publication ©2023.
300 ## - PHYSICAL DESCRIPTION
Number of Pages v, 92 pages ;
Other physical details 23 cm.
500 ## - GENERAL NOTE
General note Includes bibliographical references.
650 ## - SUBJECT ADDED ENTRY--TOPICAL TERM
Topical Term Dissertations, Academic -- Authorship.
650 ## - SUBJECT ADDED ENTRY--TOPICAL TERM
Topical Term Academic writing.
650 ## - SUBJECT ADDED ENTRY--TOPICAL TERM
Topical Term Report writing.
650 ## - SUBJECT ADDED ENTRY--TOPICAL TERM
Topical Term Research -- Methodology.
700 ## - ADDED ENTRY--PERSONAL NAME
Personal name Bolotaolo, Rowena A.
942 ## - ADDED ENTRY ELEMENTS (KOHA)
Koha item type Books
Holdings
Source of acquisition Permanent Location Date acquired Koha item type Collection code Accession Number Lost status Shelving location Withdrawn status Current Location Full call number
SchoolCagayan State University - Carig Library2025-09-01BooksGeneral Works011141 General Collection Cagayan State University - Carig Library001.42 M539 2023
SchoolCagayan State University - Carig Library2025-09-01BooksGeneral Works011142 General Collection Cagayan State University - Carig Library001.42 M539 2023
SchoolCagayan State University - Carig Library2025-09-01BooksGeneral Works011143 General Collection Cagayan State University - Carig Library001.42 M539 2023

Cagayan State University University Library, Carig Campus
Tuguegarao City, Cagayan 3500 | www.csucarig.edu.ph

Powered by Koha